000 00647cam a2200217 4500500
005 20260405001923.0
041 _afre
042 _adc
100 1 0 _aPerragin, Charles
_eauthor
245 0 0 _aL’Univers, c’est grand comment ?
260 _c2015.
500 _a71
690 _aAurélien Barrau
690 _aCosmos
690 _aFrédéric Nef
690 _aMétaphysique
690 _aNathalie Sarthou-Lajus
690 _aUnivers
786 0 _nPhilosophie magazine | 86 | 2 | 2015-02-01 | p. 16-16 | 1951-1787
856 4 1 _uhttps://shs.cairn.info/magazine-philosophie-magazine-2015-2-page-16?lang=fr&redirect-ssocas=7080
999 _c2052371
_d2052371